Names in the bible that start with 'D' - Statistics

General Stats
  • This quiz has been taken 88 times
  • The average score is 3 of 10
Answer Stats
Answer % Correct
David
90%
Dan/Daniel
89%
Delilah
38%
Deborah
35%
Darius
28%
Damien
24%
Diana
20%
Dinah
15%
Demetrius
6%
Didymus
1%
No matching quizzes found
Score Distribution
Percent of People with Each Score
Percentile by Number Answered
Your Score History
You have not taken this quiz